00446nam a22001337a 4500003000500000038001800005082000800023100001500031245010900046264003500155650003000190700003400220856005800254NUST aNusrat Nadeem a200 aAli, Basit aEnhanced S-Box Classification Using Machine Learning for Cryptographic Design Optimization/cBasit Ali,  aIslamabad:bSEECS NUST.c2025. aMS- Information Security  aSupervisor: Dr. Mehdi Hussain u http://10.250.8.41:8080/xmlui/handle/123456789/55330